Java programming / (Record no. 24967)

MARC details
000 -LEADER
fixed length control field 00796nam a22002177a 4500
008 - FIXED-LENGTH DATA ELEMENTS--GENERAL INFORMATION
fixed length control field 090306t xxu||||| |||| 00| 0 eng d
010 ## - LCCN (DPL NO)
LC control number ENG-93134
020 ## - INTERNATIONAL STANDARD BOOK NUMBER
Terms of availability 150.00
International Standard Book Number 8188649120
035 ## - SYSTEM CONTROL NUMBER
System control number EN-76667
037 ## - SOURCE OF ACQUISITION
Source of stock number/acquisition DBAD / PUB
040 ## - CATALOGING SOURCE
Original cataloging agency dpl
Language of cataloging English
082 ## - DEWEY DECIMAL CLASSIFICATION NUMBER
Classification number 005.133
100 ## - MAIN ENTRY--PERSONAL NAME
Personal name Arulselvam, T.
245 ## - TITLE STATEMENT
Title Java programming /
Statement of responsibility, etc by T. Arulselvam
260 ## - PUBLICATION, DISTRIBUTION, ETC. (IMPRINT)
Place of publication, distribution, etc Melmaruvathur
Name of publisher, distributor, etc Raamalingaa Publications
Date of publication, distribution, etc 2008
270 ## - ADDRESS
Address P.B. No.1,
City Melmaruvathur
Postal code 603319
300 ## - PHYSICAL DESCRIPTION
Extent 283p.
Dimensions 20cm (pbk)
650 ## - SUBJECT ADDED ENTRY--TOPICAL TERM
Topical term or geographic name as entry element Java (Computer program language)
942 ## - ADDED ENTRY ELEMENTS (KOHA)
Source of classification or shelving scheme Dewey Decimal Classification
Item type English Books
Call number suffix ARU
Classification part 005.133
Holdings
Withdrawn status Lost status Source of classification or shelving scheme Damaged status Not for loan Collection code Home library Current library Date acquired Source of acquisition Cost, normal purchase price Total Checkouts Full call number Barcode Date last seen Copy number Cost, replacement price Koha item type
    Dewey Decimal Classification   Not For Loan Non-fiction D.B.Act.Division D.B.Act.Division 06/03/2009 DBAD / PUB 150.00   005.133 ARU EN-76667 06/03/2009 1 150.00 English Books

© Delhi Public Library
Hit Counter
free hit counter